| 000 | 00534nam a22002177a 4500 | ||
|---|---|---|---|
| 005 | 20170124110115.0 | ||
| 010 | _a674446 | ||
| 020 | _c00.00 | ||
| 035 | _a674446 | ||
| 037 | _bCen Lib/Ret | ||
| 040 |
_aDPL _bEN |
||
| 082 |
_aS _bGIB |
||
| 100 |
_aGibran, Kahlil _923481 |
||
| 245 |
_aThe garden of the prophet / _cby Kahlil Gibran |
||
| 260 |
_aLondon _bWilliam Heinemann _c1934 |
||
| 270 | _bLondon | ||
| 300 |
_a50p. _c17cm(Hb) |
||
| 650 |
_aLiterature _96262 |
||
| 650 |
_aStories _97500 |
||
| 942 |
_2ddc _cEN _hS _mGIB |
||
| 999 |
_c130661 _d130661 |
||